| 000 | 00724nam a2200277Ia 4500 | ||
|---|---|---|---|
| 001 | Z_4148 | ||
| 003 | CHAP | ||
| 008 | 220113s2001 xx 000 0 und d | ||
| 010 | _a167211 | ||
| 040 | _cCHAP | ||
| 090 | _aFolleto 595 | ||
| 100 |
_aComisión Técnico Consultiva de Coeficientes de Agostadero _9141362 |
||
| 245 |
_aGramíneas recomendadas para zonas semiáridas y tropicales : Klein (Panicum coloratum) / _cpor COTECOCA |
||
| 260 |
_aMéxico, D.F. : _bSAGARPA, _c2001 |
||
| 300 | _a1 hoja desplegable | ||
| 440 | _a | ||
| 500 | _a | ||
| 503 | _a | ||
| 650 |
_aPanicum coloratum _985103 |
||
| 901 | _aFolleto 595 | ||
| 902 | _aA | ||
| 910 | _a2001 | ||
| 942 | _cc14 | ||
| 942 | _cc14 | ||
| 999 |
_c167211 _d167211 |
||